000 003810000a22001450004500
041 0 _aSPA
082 0 4 _aG 853 M831v
100 1 _aMoravia, Alberto
245 1 0 _aLa vida interior / Alberto Moravia; Juan Moreno, Traductor
260 _aBogotá, Colombia : Círculo de Lectores
300 _a381 Pag
500 _aTitulo original : La vita interiore
001 10947
942 _cBK
999 _c40336
_d40336